<?xml version="1.0" encoding="UTF-8"?>
<record
    xmlns:xsi="http://www.w3.org/2001/XMLSchema-instance"
    xsi:schemaLocation="http://www.loc.gov/MARC21/slim http://www.loc.gov/standards/marcxml/schema/MARC21slim.xsd"
    xmlns="http://www.loc.gov/MARC21/slim">

  <leader>00558nam a2200181Ia 4500</leader>
  <controlfield tag="003">STCL</controlfield>
  <controlfield tag="008">181203s9999    xx            000 0 und d</controlfield>
  <datafield tag="020" ind1=" " ind2=" ">
    <subfield code="a">9788126205196</subfield>
  </datafield>
  <datafield tag="040" ind1=" " ind2=" ">
    <subfield code="a">STCL</subfield>
    <subfield code="b">EN</subfield>
    <subfield code="c">STCL</subfield>
  </datafield>
  <datafield tag="082" ind1=" " ind2=" ">
    <subfield code="2">22</subfield>
  </datafield>
  <datafield tag="100" ind1=" " ind2=" ">
    <subfield code="a">Hugo, Victor; Sasidharan, K.P., Tr.</subfield>
  </datafield>
  <datafield tag="245" ind1=" " ind2="0">
    <subfield code="a">&#xD28;&#xD4B;&#xD1F;&#xD4D;&#xD1F;&#xD7C;&#xD21;&#xD3E;&#xD2E;&#xD3F;&#xD32;&#xD46; &#xD15;&#xD42;&#xD28;&#xD7B; </subfield>
  </datafield>
  <datafield tag="246" ind1=" " ind2=" ">
    <subfield code="a">Nottardamile Koonan / Notredamile Koonan / The Hunchback of Notre-Dame by  Victor Hugo</subfield>
  </datafield>
  <datafield tag="260" ind1=" " ind2=" ">
    <subfield code="b">Chintha Publishers</subfield>
    <subfield code="a">Thiruvananthapuram</subfield>
    <subfield code="c">2010</subfield>
  </datafield>
  <datafield tag="300" ind1=" " ind2=" ">
    <subfield code="a">488</subfield>
  </datafield>
  <datafield tag="546" ind1=" " ind2=" ">
    <subfield code="a">Malayalam</subfield>
  </datafield>
  <datafield tag="942" ind1=" " ind2=" ">
    <subfield code="2">ddc</subfield>
    <subfield code="c">BK</subfield>
  </datafield>
  <datafield tag="999" ind1=" " ind2=" ">
    <subfield code="c">84499</subfield>
    <subfield code="d">84499</subfield>
  </datafield>
  <datafield tag="952" ind1=" " ind2=" ">
    <subfield code="0">0</subfield>
    <subfield code="1">0</subfield>
    <subfield code="2">ddc</subfield>
    <subfield code="4">0</subfield>
    <subfield code="7">0</subfield>
    <subfield code="a">STCAL</subfield>
    <subfield code="b">STCAL</subfield>
    <subfield code="c">GEN</subfield>
    <subfield code="d">2018-12-03</subfield>
    <subfield code="l">8</subfield>
    <subfield code="o">M813 HUG-N</subfield>
    <subfield code="p">92998</subfield>
    <subfield code="r">2026-01-13 09:37:09</subfield>
    <subfield code="s">2025-12-22</subfield>
    <subfield code="w">2018-12-03</subfield>
    <subfield code="y">BK</subfield>
  </datafield>
</record>
